| 000 | 00617nam a2200205Ia 4500 | ||
|---|---|---|---|
| 001 | 21087 | ||
| 003 | GE_BSU | ||
| 008 | 181216s||||||||xx |||||||||||||| ||und|| | ||
| 040 | _cGE_BSU | ||
| 245 | _aВокруг света №8 (2923) 2017. | ||
| 245 | _bжурнал русского географического общества | ||
| 245 | _cГл.ред. С. Апресов | ||
| 260 | _aМосква | ||
| 260 | _c2017 | ||
| 300 | _a128 стр. 29см.илл. | ||
| 653 | _aВокруг света №8 (2923) 2017. | ||
| 653 | _aПериодика | ||
| 653 | _aპერიოდიკა | ||
| 942 | _cCR | ||
| 999 |
_c54035 _d54035 |
||